000 00811nam a2200241 a 4500
001 000012954
003 DO-SdBNP
005 20250626120048.0
008 091118s2004 dr 000 j spa d
040 _aDO-SdBNP
_bspa
_cBNPHU
082 4 _aRD863.44
_bR696r
_222
100 1 _aRodríguez, Pablo
_929857
245 1 0 _aRememoria del asombro /
_cPablo Rodríguez.
260 _aSanto Domingo :
_bUAPA,
_c2004.
300 _a66 p. ;
_c22 cm.
500 _aIncluye datos biográficos del autor en la contracubierta
590 _aInventariado, 2020 /MAA
650 4 _aCuentos dominicanos
_9176
650 4 _aLiteratura dominicana.
_967
710 2 _aUniversidad Abierta para Adultos (Santiago de los Caballeros, Republica Dominicana)
_971401
910 _aValidado. Control de calidad MFF
942 _2ddc
_cLF2
999 _c12602
_d12602